Guess singers who got a grammy nomination/winners names of 2025 - Statistics

General Stats
  • This quiz has been taken 21 times
  • The average score is 10 of 16
Answer Stats
Picture Answer % Correct
BILLIE EILISH <3
100%
Taylor Swift
100%
Lady Gaga
95%
Sabrina Carpenter
95%
Beyonce
89%
Bruno Mars
89%
Chappell Roan
84%
Benson Boone
68%
Kendrick Lamar
68%
The beatles
63%
Doechii
53%
Charli Xcx
47%
Andre 3000
37%
Shaboozey
26%
Teddy Swims
26%
Jacob Collier
5%
No matching quizzes found
Score Distribution
Percent of People with Each Score
Percentile by Number Answered
Your Score History
You have not taken this quiz